Statistics for German-Speaking Countries

Click here to take the quiz!

General Stats

  • This quiz has been taken 105,418 times
    (102,220 since last reset)
  • The average score is 5 of 6

Answer Stats

% Native SpeakersCountry% Correct
92%Germany
100%
93%Austria
93%
65%Switzerland
90%
86%Liechtenstein
75%
0.6%Belgium
74%
2%Luxembourg
72%

Score Distribution

Percentile by Number Answered

Percent of People with Each Score

Your Score History

You have not taken this quiz since the last reset